| 000 | 005280000a22001450004500 | ||
|---|---|---|---|
| 090 |
_aAR _b03237 |
||
| 245 | 1 | 0 | _aHeterogeneity and common pool resource management |
| 650 | 1 | 4 |
_aEconomÃa institucional _959091 |
| 041 | 0 | _aIngles | |
| 700 | 1 |
_aBlomquist, William _997943 |
|
| 100 | 1 |
_aSchlager, Edella _918574 |
|
| 260 |
_aEstados Unidos _bNew horizons in environmental economics _c1998 |
||
| 942 | _cARTICULO | ||
| 773 | 1 |
_tEdna Tusak Loehman and Marc Kilgour/Designing institutions for environmental and resource management _q101-112 |
|
| 999 |
_c13128 _d13128 |
||